Optimalizácia ekonomických podmienok rozvoja odvetvia VO zborník
Salvato in:
| Ente Autore: | |
|---|---|
| Natura: | Libro |
| Lingua: | slovacco |
| Pubblicazione: |
Bratislava
Edičné stredisko VŠE
1989
|
| Edizione: | 1. vyd. |
| Tags: |
Nessun Tag, puoi essere il primo ad aggiungerne!!
|
MARC
| LEADER | 00000nam a2200000 4500 | ||
|---|---|---|---|
| 001 | c029984 | ||
| 005 | 20220520103846.7 | ||
| 020 | |a 80-225-0076-3 | ||
| 041 | 0 | |a slo | |
| 044 | |a SK | ||
| 245 | 1 | 0 | |a Optimalizácia ekonomických podmienok rozvoja odvetvia VO |b zborník |c kolektív |
| 250 | |a 1. vyd. | ||
| 264 | 1 | |a Bratislava |b Edičné stredisko VŠE |c 1989 | |
| 300 | |a 199 s. | ||
| 710 | 2 | |a Vysoká škola ekonomická v Bratislave. Obchodná fakulta | |